000 00492nam a22001697a 4500
005 20251108165855.0
008 250721s1987 xx 000 0 ara d
082 1 4 _aط/572/شعو
245 1 0 _aالشعوب و السكان /
264 1 _aجنيف :
_bشركة ترادكسيم،
_c1987.
300 _a160ص : مص
490 0 _aكتاب المعرفة
650 1 7 _aالأجناس البشرية
653 _aناشئون كبار (15-18) سنة
942 _2ddc
_cBK
999 _c33556
_d33556